[Event "Dhaka Powertec op-B"]
[Site "Dhaka"]
[Date "2017.07.15"]
[Round "1"]
[White "Pritom, Saha"]
[Black "Md Shah, Alam"]
[Result "0-1"]
[WhiteElo "1680"]
[BlackElo "1980"]
[PlyCount "74"]
[EventDate "2017.07.15"]
[EventType "swiss"]
[EventRounds "9"]
[EventCountry "BAN"]
[SourceTitle "EXT 2018"]
[Source "ChessBase"]
[SourceDate "2017.10.13"]
[SourceVersion "1"]
[SourceVersionDate "2017.10.13"]
[SourceQuality "1"]

1. e4 c5 2. Nf3 d6 3. d4 cxd4 4. Nxd4 Nf6 5. Nc3 a6 6. h3 Bd7 7. Bd3 g6 8. Qe2 Nc6 9. Nxc6 Bxc6 10. f3 Bg7 11. e5 Nh5 12. exd6 Ng3 13. dxe7 Qc7 14. Qe3 Nxh1 15. Bd2 Qg3+ 16. Kf1 Qe5 17. Qxe5 Bxe5 18. f4 Bd6 19. Ne2 Bc5 20. b4 Bb6 21. Be1 h5 22. c4 h4 23. c5 Bc7 24. Kg1 Ng3 25. Nxg3 hxg3 26. Bxg3 Kxe7 27. Kf2 Rad8 28. Re1+ Kd7 29. f5 Bxg3+ 30. Kxg3 Kc8 31. Bc2 Rd2 32. Be4 Re8 33. fxg6 fxg6 34. Kf3 Rd3+ 35. Kf4 g5+ 36. Kf5 Bxe4+ 37. Rxe4 Rd5+ 0-1